Impact of Fiscal Rules on Government Expenditure and Tax Revenue in Emerging European Countries: Threshold Effect of Budget Deficit

Skúmanie vplyvu rozpočtových deficitov na efektívnosť fiškálnych pravidiel. Rozpočtový deficit a fiškálna udržateľnosť. Skúmanie prahového efektu rozpočtého deficitu na efektívnosť fiškálnych pravidiel. Typy fiškálnych pravidiel v rozvíjajúcich sa európskych krajinách.

Saved in:
Bibliographic Details
Main Author: Köktaş, Altuğ Murat
Other Authors: Günel, Tuğay
Format: Book Chapter
Language:English
Subjects:
Tags: Add Tag
No Tags, Be the first to tag this record!

MARC

LEADER 00000naa a2200000 4500
001 0286655
005 20220706083823.9
041 0 |a eng 
044 |a SK 
245 1 0 |a Impact of Fiscal Rules on Government Expenditure and Tax Revenue in Emerging European Countries: Threshold Effect of Budget Deficit  |c Altuğ Murat Köktaş, Tuğay Günel 
520 |a Skúmanie vplyvu rozpočtových deficitov na efektívnosť fiškálnych pravidiel. Rozpočtový deficit a fiškálna udržateľnosť. Skúmanie prahového efektu rozpočtého deficitu na efektívnosť fiškálnych pravidiel. Typy fiškálnych pravidiel v rozvíjajúcich sa európskych krajinách. 
610 2 0 |a politika fiškálna 
610 2 0 |a výdavky štátne 
610 2 0 |a príjmy daňové 
610 2 0 |a deficit rozpočtový 
610 2 0 |a pravidlá rozpočtové 
610 2 0 |a udržateľnosť fiškálna 
100 1 |a Köktaş, Altuğ Murat 
700 1 |a Günel, Tuğay